| 000 | 00595cam a2200205 a 4500 | ||
|---|---|---|---|
| 001 | 000018395 | ||
| 005 | 20200929165505.0 | ||
| 008 | 890329s1967 fr 000 d fre d | ||
| 040 |
_aDO-SdBNP _bfre _cLC _dBNPHU |
||
| 042 | _apremarc | ||
| 082 |
_a842.914 _bC352g |
||
| 100 | 1 |
_aDel Castillo, Michel, _d1933- _939836 |
|
| 245 | 1 | 0 |
_aGerardo Lain / _cMichel Del Castillo. |
| 260 |
_aParis : _bChristian Bourgois, _c1967. |
||
| 300 |
_a205 p. ; _c20 cm. |
||
| 650 | 4 |
_aTeatro francés _95359 |
|
| 650 | 4 |
_aLiteratura francesa _ySIGLO XX _94232 |
|
| 910 | _aCatalogación derivada | ||
| 049 | _aBNGR | ||
| 999 |
_c17916 _d17916 |
||